Państwa o najniższym wskaźniku otyłości z wyjątkami - Statystyki

Ogólne statystyki
  • Ten quiz został rozwiązany 96 razy
  • Średni wynik to 7 z 20
Statystyki odpowiedzi
Wskaźnik Państwo % Poprawnych
20,60% Szwecja
67%
19,70% Dania
54%
19,90% Włochy
48%
21,20% Estonia
45%
20,40% Holandia
45%
19,70% Peru
41%
19,50% Szwajcaria
40%
20,80% Portugalia
38%
20,10% Austria
37%
20,20% Boliwia
34%
19,90% Ekwador
31%
20,20% Słowenia
30%
18,90% Mołdawia
26%
20,30% Paragwaj
26%
20,50% Słowacja
26%
20,20% Gujana
23%
17,90% Bośnia i Hercegowina
20%
18,60% Trynidad i Tobago
17%
19,70% Saint Lucia
15%
18,90% Antigua i Barbuda
14%
Nie znaleziono quizów pasujących do podanych kryteriów
Rozkład punktacji
Procent ludzi z każdym wynikiem
Percentyl według liczby udzielonych odpowiedzi
Twoja historia wyników
Nie rozwiązałeś tego quizu